| 000 -LEADER |
| fixed length control field |
00484nam a22001937a 4500 |
| 008 - FIXED-LENGTH DATA ELEMENTS--GENERAL INFORMATION |
| fixed length control field |
150701b xxu||||| |||| 00| 0 alb d |
| 020 ## - INTERNATIONAL STANDARD BOOK NUMBER |
| International Standard Book Number |
9994398504 |
| 041 0# - LANGUAGE CODE |
| Language code of text/sound track or separate title |
alb |
| 080 ## - UNIVERSAL DECIMAL CLASSIFICATION NUMBER |
| Universal Decimal Classification number |
070 |
| 100 ## - Rafti |
| Rafti |
Muka, Arben; |
| 245 ## - TITLE STATEMENT |
| Title |
Gazetar në radio / |
| Statement of responsibility, etc |
Arben Muka,. |
| 260 ## - |
| -- |
Tiranë : |
| -- |
ISHM, |
| -- |
2007. |
| 300 ## - |
| -- |
164 f. : |
| -- |
me il.; |
| -- |
24 cm. |
| 650 #0 - |
| -- |
Masmedia |
| 650 #0 - |
| -- |
Transmetime radiofonike |
| 650 #0 - |
| -- |
Informacioni |
| 650 #0 - |
| -- |
Gazetarë |
| 942 ## - ADDED ENTRY ELEMENTS (KOHA) |
| Source of classification or shelving scheme |
|
| Item type |
Books |